000 00662nam a2200217Ii 4500
003 JO-AjNU
008 230606s9999||||xx |||||||||||||| ||und||
020 _a0-471-58888-1
040 _aJO-AjNU
_beng
_erda
_cJO-AjNU
041 _aeng
050 1 4 _aHF5635 .H256 1994
100 3 _aHaried,Andrew / Imdieke,Leroy / Smith, Ralph E,
_eauthor
_93056
245 0 0 _aAdvanced Accounting
250 _a6th ed
264 3 1 _aNew York: John Wiley and Sons,1994
300 _a1011p
_b Includes appendix indexes(p994-1011)
336 _atext
_btxt
_2rdacontent
337 _aunmediated
_bn
_2rdamedia
338 _avolume
_bnc
_2rdacarrier
650 4 _aAccounting
_93057
999 _aE1603
_c1603
_d1603